000
00277nam a2200121Ia 4500
008
220204s9999 xx 000 0 und d
082
_a
954 (548.3)
_b
BRI
100
_a
Bristow, Robert
245
0
_a
Cochin saga
250
_a
Ed.2
260
_a
Cochin
_b
Paico
_c
1967
942
_c
BK
999
_c
33721
_d
33721